A XI. Dél-Alföldi Tárlat
Elmentve itt :
| Szerző: | |
|---|---|
| Dokumentumtípus: | Cikk |
| Megjelent: |
1976-05-13
|
| Sorozat: | Délmagyarország
66 No. 112 |
| Kulcsszavak: | Dél-Alföldi Tárlat 11. 1976 Hódmezővásárhely, Dél-Alföld, Hódmezővásárhely, Képzőművészet Dél-Alföld, Képzőművészet kiállítás Hódmezővásárhely |
| Online Access: | http://dmarchiv.bibl.u-szeged.hu/85136 |
| LEADER | 00599nab a2200157 i 4500 | ||
|---|---|---|---|
| 001 | delm85136 | ||
| 005 | 20190506102753.0 | ||
| 008 | 190506s1976 hu o 0|| hun d | ||
| 040 | |a SZTE Délmagyarország Archívum |b hun | ||
| 041 | |a hun | ||
| 100 | 1 | |a Tandi Lajos | |
| 245 | 1 | 2 | |a A XI. Dél-Alföldi Tárlat |h [elektronikus dokumentum] / |c Tandi Lajos |
| 260 | |c 1976-05-13 | ||
| 300 | |a 5 | ||
| 490 | 0 | |a Délmagyarország |v 66 No. 112 | |
| 695 | |a Dél-Alföldi Tárlat 11. 1976 Hódmezővásárhely, Dél-Alföld, Hódmezővásárhely, Képzőművészet Dél-Alföld, Képzőművészet kiállítás Hódmezővásárhely | ||